Морской волчонок. Затерянные в океане: повесть, роман; пер. с англ.; для среднего и старшего школьного возраста

Detaylı Bibliyografya
Yazar: Рид Т. М. Томас Майн
Diğer Yazarlar: Григорьев В. А. (иллюстратор)
Dil:Rusça
Baskı/Yayın Bilgisi: Калининград, Калининградское книжное изд-во, 1989
Seri Bilgileri:Здравствуй, море!
Konular:
Materyal Türü: Kitap
KOHA link:https://koha.lib.tpu.ru/cgi-bin/koha/opac-detail.pl?biblionumber=157475

MARC

LEADER 00000nam0a2200000 4500
001 157475
005 20231031153838.0
010 |a 5855000664 
020 |a RU  |b 89-37575 
035 |a (RuTPU)RU\TPU\book\170817 
090 |a 157475 
100 |a 20090409d1989 de y0rusy5003 ca 
101 1 |a rus  |c eng 
102 |a RU 
105 |a a z 000ay 
200 1 |a Морской волчонок. Затерянные в океане  |e повесть, роман   |e пер. с англ.  |e для среднего и старшего школьного возраста  |f Т. М. Рид  |g худож. В. А. Григорьев 
210 |a Калининград  |c Калининградское книжное изд-во  |d 1989 
215 |a 432 с.  |c ил.  |d 21 см 
225 1 |a Здравствуй, море! 
610 1 |a Приключенческие романы и рассказы 
610 1 |a Море 
610 1 |a детская литература 
675 |a 82  |z rus 
700 1 |a Рид  |b Т. М.  |g Томас Майн  |4 070 
702 1 |a Григорьев  |b В. А.  |4 440 
801 0 |a RU  |b RuMRKP  |c 19950417  |g psbo 
801 1 |a RU  |b 63413507  |c 20090409  |g PSBO 
801 2 |a RU  |b 63413507  |c 20090409  |g PSBO 
942 |c BK